Social equity amid Covid-19: Examining health disparities from the perspective of governmental and social responsiveness (Record no. 530354)

000 -LEADER
fixed length control field 01632nam a22001457a 4500
008 - FIXED-LENGTH DATA ELEMENTS--GENERAL INFORMATION
fixed length control field 250610b ||||| |||| 00| 0 eng d
100 ## - MAIN ENTRY--PERSONAL NAME
Personal name Peng, Jing Yang, Kaifeng and Chu, Mengran
245 ## - TITLE STATEMENT
Title Social equity amid Covid-19: Examining health disparities from the perspective of governmental and social responsiveness
260 ## - PUBLICATION, DISTRIBUTION, ETC. (IMPRINT)
Place of publication, distribution, etc The American Review of Public Administration
300 ## - PHYSICAL DESCRIPTION
Extent 55(1), Jan, 2025: p.65-83
520 ## - SUMMARY, ETC.
Summary, etc While racial health disparities have long been studied, the literature has paid insufficient attention to situations such as health emergencies or pandemics and has generated conflicting results regarding some important explanatory variables. This article considers the impact of governmental and social responsiveness on health disparities in a pandemic. The hypotheses are tested with data from Florida's 67 counties in COVID-19. The results indicate that minority representation on local commissions influences local governments’ responsiveness to the disparities, and local government forms moderate the impact of local commission ideology and citizen ideology. The results also show that in counties with greater racial socioeconomic equality, community social capital increases, rather than decreases, the racial disparities. The political participation gap between white and black populations increases the disparities.- Reproduced

https://journals.sagepub.com/doi/full/10.1177/02750740241284601
650 ## - SUBJECT ADDED ENTRY--TOPICAL TERM
Topical term or geographic name as entry element Health disparities, Social equity, Governmental responsiveness, Social capital
9 (RLIN) 54165
773 ## - HOST ITEM ENTRY
Main entry heading The American Review of Public Administration
942 ## - ADDED ENTRY ELEMENTS (KOHA)
Item type Articles
Holdings
Withdrawn status Lost status Source of classification or shelving scheme Damaged status Not for loan Permanent location Current location Date acquired Serial Enumeration / chronology Barcode Date last seen Koha item type
          Indian Institute of Public Administration Indian Institute of Public Administration 2025-06-10 55(1), Jan, 2025: p.65-83 AR136169 2025-06-10 Articles

Powered by Koha